| 000 | 00614nam a22001937a 4500 | ||
|---|---|---|---|
| 005 | 20250731124033.0 | ||
| 010 | _aENG-146250 | ||
| 020 |
_c280.00 _a9789392151910 |
||
| 035 | _aEN-129782 | ||
| 037 | _bDBAD | ||
| 082 |
_a344.540327 _21 |
||
| 245 |
_aChild Rights and Protection/ _cEdited By U. Pandian; V. Vijayakumar [and] M. Senthilkumaran |
||
| 250 | _a1 | ||
| 260 |
_aTamil Nadu _bFirst Book Publishing _c2025 |
||
| 270 |
_bTamil Nadu _a61, 66 T. P. K. Main Road, Vasantha Nagar, Madurai, _e625003 |
||
| 300 |
_a102p. _c22cm(pb) |
||
| 760 | _bFirst | ||
| 942 |
_2ddc _cEN _h344.540327 _mCHI |
||
| 999 |
_c212768 _d212768 |
||